Thermodynamics of materials / (Record no. 30331)
[ view plain ]
| 000 -LEADER | |
|---|---|
| fixed length control field | 00783 a2200205 4500 |
| 020 ## - INTERNATIONAL STANDARD BOOK NUMBER | |
| International Standard Book Number | 978-7-04-029610-5 |
| 020 ## - INTERNATIONAL STANDARD BOOK NUMBER | |
| International Standard Book Number | 9787040296105 |
| 082 ## - DEWEY DECIMAL CLASSIFICATION NUMBER | |
| Classification number | 536.7 |
| 090 ## - LOCALLY ASSIGNED LC-TYPE CALL NUMBER (OCLC); LOCAL CALL NUMBER (RLIN) | |
| -- | 1724 |
| -- | 1724 |
| 100 1# - MAIN ENTRY--PERSONAL NAME | |
| Personal name | Qing, Jiang. |
| 245 10 - TITLE STATEMENT | |
| Title | Thermodynamics of materials / |
| Statement of responsibility, etc. | Jiang Qing, Wen Zi. |
| 260 ## - PUBLICATION, DISTRIBUTION, ETC. | |
| Place of publication, distribution, etc. | [S.l.] : |
| Name of publisher, distributor, etc. | Higher Education Press, |
| Date of publication, distribution, etc. | 2011. |
| 300 ## - PHYSICAL DESCRIPTION | |
| Extent | 298 p. ; |
| Dimensions | 24 cm. |
| 490 1# - SERIES STATEMENT | |
| Series statement | English version) (hardcover. |
| 700 1# - ADDED ENTRY--PERSONAL NAME | |
| Personal name | Zi, Wen. |
| 830 #0 - SERIES ADDED ENTRY--UNIFORM TITLE | |
| Uniform title | English version) (hardcover. |
| 942 ## - ADDED ENTRY ELEMENTS (KOHA) | |
| Institution code [OBSOLETE] | SNS |
| Koha item type | Book |
| Call number prefix | 536.7 JIA |
| Withdrawn status | Lost status | Damaged status | Not for loan | Permanent Location | Current Location | Date acquired | Total Checkouts | Full call number | Barcode | Date last seen | Price effective from | Koha item type | Date last checked out |
|---|---|---|---|---|---|---|---|---|---|---|---|---|---|
| School of Natural Sciences (SNS) | School of Natural Sciences (SNS) | 05/26/2016 | 536.7 JIA | SNS0002042 | 05/26/2016 | 05/26/2016 | Book | ||||||
| School of Natural Sciences (SNS) | School of Natural Sciences (SNS) | 05/26/2016 | 1 | 536.7 JIA | SNS0002043 | 05/29/2017 | 05/26/2016 | Book | 05/26/2017 |
